Missing Word: 'M' Names Quiz Stats

 Plays Quiz Updated Jun 20, 2018

Also try: 'Named' Countries
Challenge
Share
Tweet
Embed
Score 0/24 Timer 02:00
0 Plays Today
Full Name Missing Name % Correct
_____ JacksonMichael
94.7%
_____ TwainMark
94.6%
_____ ObamaMichelle
92.3%
_____ MagdaleneMary
90.3%
_____ BroderickMatthew
85.4%
_____ CareyMariah
82.1%
_____ CurieMarie
81.9%
Bob _____Marley
76.6%
James _____Madison
71.8%
Thurgood _____Marshall
66.5%
Tobey _____Maguire
64.7%
_____ WestMae
59.9%
Full Name Missing Name % Correct
_____ AureliusMarcus
58.8%
_____ StewartMartha
54.6%
_____ GrayMacy
54.1%
_____ MarceauMarcel
53.4%
Cheech _____Marin
53.3%
_____ PatinkinMandy
45.6%
_____ BurnsMontgomery
43.2%
Henry _____Mancini
38.2%
Greg _____Maddux
28.5%
_____ AlbrightMadeleine
28.2%
Bob & Doug _____McKenzie
15.3%
Ian _____Malcolm
13.4%

Today's Daily Dose

You're not logged in!

Compare scores with friends on all Sporcle quizzes.
OR
Log In

You Might Also Like...

Show Comments

Extras

Top Quizzes Today


Score Distribution

Your Account Isn't Verified!

In order to create a playlist on Sporcle, you need to verify the email address you used during registration. Go to your Sporcle Settings to finish the process.

Report this User

Report this user for behavior that violates our Community Guidelines.

Details: